Applying anthropology : (Record no. 15196)

000 -LEADER
fixed length control field 00654cam a2200205 a 4500
020 ## - INTERNATIONAL STANDARD BOOK NUMBER
ISBN 0767418417 (acidfree paper)
040 ## - CATALOGING SOURCE
Transcribing agency DLC
082 00 - DEWEY DECIMAL CLASSIFICATION NUMBER
Classification number 301 MAY 2001 A073 Or.
245 00 - TITLE STATEMENT
Title Applying anthropology :
Remainder of title an introductory reader /
250 ## - EDITION STATEMENT
Edition statement 6th ed.
260 ## - PUBLICATION, DISTRIBUTION, ETC. (IMPRINT)
Place of publication Mountain View, Calif. :
Name of publisher Mayfield Pub. Co.,
Year of publication 2001.
300 ## - PHYSICAL DESCRIPTION
Number of Pages xvi, 398 p. :
Other physical details ill. ;
Dimensions 28 cm.
650 #0 - SUBJECT ADDED ENTRY--TOPICAL TERM
Topical Term Applied anthropology.
650 #0 - SUBJECT ADDED ENTRY--TOPICAL TERM
Topical Term Anthropology.
700 1# - ADDED ENTRY--PERSONAL NAME
Personal name Podolefsky, Aaron.
700 1# - ADDED ENTRY--PERSONAL NAME
Personal name Brown, Peter J.
856 42 - ELECTRONIC LOCATION AND ACCESS
Uniform Resource Identifier http://www.loc.gov/catdir/description/mh024/00032429.html
856 41 - ELECTRONIC LOCATION AND ACCESS
Uniform Resource Identifier http://www.loc.gov/catdir/toc/mh023/00032429.html
942 ## - ADDED ENTRY ELEMENTS (KOHA)
Koha item type សៀវភៅភាសាអង់គ្លេស

No items available.

មជ្ឈមណ្ឌលឯការនៃសាកលវិទ្យាល័យភូមិន្ទកសិកម្មចំការដូង

Powered by Koha